000 00632nam a2200241Ia 4500
003 OSt
005 20220918185443.0
006 a|||||r|||| 00| 0
007 ta
008 220917b |||||||| |||| 00| 0 eng d
024 _a51,054
037 _cTextual
040 _aARTS
_cARTS
_beng
041 _2eng
_aeng
082 _aP111:291, F7
100 _aCraigie W A
_968999
245 0 _aEnglish spelling
_b its rules and reasons
260 _aNew York
_bF S Crofts
_c1927
300 _aviii,115p.
_ccm.
650 _aLINGUISTICS
942 _hP111:291, F7
_cTEXL
_2CC
999 _c180649
_d180649